[Event "Mechanics' Spring TNM; G/2"]
[Site "San Francisco"]
[Date "2016.05.03"]
[Round "8.42"]
[White "Olson, David R"]
[Black "Boldi, Nicholas"]
[Result "1/2-1/2"]
[WhiteElo "1400"]
[BlackElo "964"]
[PlyCount "79"]
[EventDate "2016.??.??"]

1. Nf3 Nc6 2. g3 Nf6 3. c4 e5 4. Bg2 Be7 5. O-O O-O 6. Nc3 Re8 7. Re1 d6 8. Nd5
Be6 9. Nxe7+ Qxe7 10. Ng5 Bxc4 11. Qc2 Bb5 12. a4 Nd4 13. Qd1 Ba6 14. b4 c6 15.
e3 Nf5 16. Qb3 d5 17. b5 cxb5 18. axb5 Bxb5 19. Qxb5 Nd6 20. Qe2 h6 21. Nf3 e4
22. Nd4 a6 23. Ba3 Qe5 24. Bh3 Rad8 25. Rac1 Nc4 26. f4 exf3 27. Nxf3 Qh5 28.
Rxc4 dxc4 29. Kg2 b5 30. Bb4 g5 31. Bf5 g4 32. Nh4 Re5 33. e4 Nd5 34. Bxg4 Qxh4
35. gxh4 Nf4+ 36. Kf3 Nxe2 37. Rxe2 Rde8 38. Bf5 Ra8 39. Ba5 Rae8 40. Rg2+ $18
1/2-1/2

[Event "Mechanics' Fall TNM; G/2"]
[Site "San Francisco"]
[Date "2016.11.15"]
[Round "5.34"]
[White "Olson, David R"]
[Black "Casares Jr, Nick"]
[Result "0-1"]
[WhiteElo "1400"]
[BlackElo "1617"]
[PlyCount "42"]
[EventDate "2016.??.??"]

1. e4 e5 2. Nf3 Nc6 3. Nc3 Nf6 4. Be2 d5 5. exd5 Nxd5 6. Ne4 Be7 7. O-O O-O 8.
Re1 f5 9. Ng3 e4 10. c4 exf3 11. Bxf3 Nf4 12. b3 Nd3 13. Bd5+ Kh8 14. Re2 Nf4
15. Re3 Bc5 16. Rf3 Nxd5 17. cxd5 Qxd5 18. Bb2 f4 19. Ne2 Bg4 20. Rxf4 Bxe2 21.
Rxf8+ Rxf8 0-1

[Event "Mechanics' Winter TNM; G/2"]
[Site "San Francisco"]
[Date "2016.02.09"]
[Round "6.39"]
[White "Olson, David R"]
[Black "Casares Jr, Nick"]
[Result "0-1"]
[WhiteElo "1400"]
[BlackElo "1604"]
[PlyCount "54"]
[EventDate "2016.??.??"]

1. e4 e5 2. Nf3 Nc6 3. Bc4 Nf6 4. a3 Be7 5. d3 d5 6. exd5 Nxd5 7. O-O O-O 8.
Re1 Bg4 9. c3 Kh8 10. Qb3 Bxf3 11. gxf3 Na5 12. Qc2 Nc6 13. Nd2 f5 14. Nf1 f4
15. Nd2 Rf6 16. Kf1 Qd7 17. Ne4 Rh6 18. b4 Rxh2 19. Ke2 Nxc3+ 20. Qxc3 Nd4+ 21.
Kd1 Qh3 22. Bd2 Qxf3+ 23. Kc1 Ne2+ 24. Rxe2 Qxe2 25. Qxe5 Bf6 26. Qxf4 Rh1+ 27.
Kc2 Rxa1 0-1

[Event "Mechanics' Summer TNM; G/2"]
[Site "San Francisco"]
[Date "2016.07.12"]
[Round "8.42"]
[White "Olson, David R"]
[Black "Enkh, Tergelsar"]
[Result "1-0"]
[WhiteElo "1400"]
[BlackElo "1205"]
[Annotator "Donaldson"]
[PlyCount "51"]
[EventDate "2016.??.??"]

1. e4 e5 2. Nc3 Nf6 3. Nf3 Nc6 4. Bc4 Bc5 (4... Nxe4) 5. Nd5 Nxe4 6. O-O Nf6 (
6... O-O) 7. Re1 d6 (7... O-O 8. Nxe5 Nxe5 9. Rxe5 d6) 8. d4 Bxd4 $2 (8... Bb6
9. dxe5 dxe5 10. Nxe5 Be6) 9. Nxd4 Nxd4 10. Qxd4 O-O 11. Qh4 Nxd5 12. Qxd8 Rxd8
13. Bxd5 c6 14. Bb3 b5 15. Be3 a5 16. a4 b4 17. Rad1 d5 18. Bc5 d4 19. Rxe5 Ba6
20. Rxd4 Rxd4 21. Bxd4 Rd8 22. c3 Ra8 23. Re7 Kf8 24. Rxf7+ Ke8 25. Rxg7 Bd3
26. Rg8+ 1-0

[Event "Mechanics' Fall TNM; G/2"]
[Site "San Francisco"]
[Date "2016.10.25"]
[Round "2.31"]
[White "Olson, David R"]
[Black "Erickson, Lane"]
[Result "0-1"]
[WhiteElo "1400"]
[BlackElo "1558"]
[PlyCount "34"]
[EventDate "2016.??.??"]

1. e4 c6 2. c4 d5 3. cxd5 cxd5 4. e5 Nc6 5. d4 Qb6 6. Nf3 Bg4 7. Be2 Bxf3 8.
Bxf3 Qxd4 9. Qxd4 Nxd4 10. Bxd5 Nc2+ 11. Kd1 Nxa1 12. Bd2 O-O-O 13. Nc3 e6 14.
Be4 f5 15. exf6 Nxf6 16. Ke2 Nxe4 17. Rxa1 Nxd2 0-1

[Event "Mechanics' Summer TNM; G/2"]
[Site "San Francisco"]
[Date "2016.06.07"]
[Round "3.45"]
[White "Olson, David R"]
[Black "Otterbach, Renate"]
[Result "0-1"]
[WhiteElo "1400"]
[BlackElo "935"]
[Annotator "Donaldson"]
[PlyCount "40"]
[EventDate "2016.??.??"]

1. Nf3 d5 2. g3 Nf6 3. Bg2 Nc6 4. d3 e5 5. O-O Be6 (5... Be7) 6. Ng5 Bf5 7. f4
$6 (7. e4) 7... Bc5+ 8. Kh1 Ng4 9. Qe1 (9. e4) 9... Nd4 10. Qd2 (10. fxe5)
10... Qd7 11. h3 h5 (11... h6) 12. e3 Ne6 13. fxe5 (13. Nxe6) 13... Nxg5 (13...
Nxe3) 14. h4 Bxe3 15. Qb4 Bxc1 16. Rxc1 Nh3 17. Qxb7 O-O 18. Qxd5 Qe6 $2 (18...
Qxd5 19. Bxd5 Rad8) 19. Qf3 (19. Qxe6 Bxe6 20. Bxa8) 19... Nxe5 20. Bxh3 Nxf3
0-1

[Event "Mechanics' Spring TNM; G/2"]
[Site "San Francisco"]
[Date "2016.03.22"]
[Round "2.16"]
[White "Olson, David R"]
[Black "Sarafian, Greg M"]
[Result "0-1"]
[WhiteElo "1400"]
[BlackElo "1946"]
[PlyCount "80"]
[EventDate "2016.??.??"]

1. Nf3 d5 2. g3 c6 3. Bg2 Bg4 4. O-O Nd7 5. d4 e6 6. Ne5 Bh5 7. f4 f5 8. Nc3
Ngf6 9. h3 Be7 10. a3 c5 11. Kh2 O-O 12. Bf3 cxd4 13. Qxd4 Bc5 14. Qd3 Bxf3 15.
exf3 Bd6 16. Nb5 Bc5 17. b4 Bb6 18. Bb2 a6 19. Nd4 Nxe5 20. fxe5 Bxd4 21. Bxd4
Nd7 22. Rac1 b5 23. Rh1 Rc8 24. c3 f4 25. g4 Qh4 26. Rcg1 Qg5 27. Kg2 Rfe8 28.
h4 Qe7 29. Kf2 Rf8 30. g5 Rf5 31. g6 h6 32. Qf1 Nxe5 33. Qe2 Nd7 34. Rg4 e5 35.
Qc2 Rff8 36. Re1 Qd6 37. Bc5 Nxc5 38. bxc5 Qxc5+ 39. Kg2 Rce8 40. Qa2 Qc4 0-1

[Event "Mechanics' Spring TNM; G/2"]
[Site "San Francisco"]
[Date "2016.03.22"]
[Round "2.46"]
[White "Orgilmunkh, Tselmeg"]
[Black "Abraham, Michael D"]
[Result "0-1"]
[WhiteElo "258"]
[BlackElo "1549"]
[PlyCount "48"]
[EventDate "2016.??.??"]

1. e4 c5 2. Nf3 d6 3. Nc3 Nf6 4. Bb5+ Bd7 5. d3 a6 6. a4 axb5 7. Bf4 bxa4 8.
Rxa4 Bxa4 9. b3 Bc6 10. O-O e6 11. Bg5 Be7 12. Re1 O-O 13. Na4 Bxa4 14. bxa4 h6
15. Bh4 Ng4 16. Bxe7 Qxe7 17. c3 Ne5 18. Nxe5 dxe5 19. Re3 Qd7 20. Rg3 Qxa4 21.
Qc1 Qa1 22. Qf1 Qxc3 23. Qd1 Ra1 24. Qxa1 Qxa1# 0-1

[Event "Mechanics' Summer TNM; G/2"]
[Site "San Francisco"]
[Date "2016.06.07"]
[Round "3.50"]
[White "Orgilmunkh, Tselmeg"]
[Black "Boldi, Nicholas Armen"]
[Result "1-0"]
[WhiteElo "514"]
[BlackElo "1005"]
[Annotator "Donaldson"]
[PlyCount "111"]
[EventDate "2016.??.??"]

1. e4 e6 2. Nf3 d5 3. Ne5 dxe4 4. Qh5 g6 5. Qg4 Nf6 6. Qe2 Bg7 7. Qb5+ c6 8.
Qc5 Na6 (8... Qe7) 9. Bxa6 bxa6 10. Qxc6+ Bd7 11. Qb7 (11. Nxd7 Nxd7 12. Qxe4)
11... a5 (11... O-O 12. Qxa6 Nd5) 12. O-O O-O 13. Nc3 Re8 14. d3 exd3 15. Nxd3
Re7 16. Bf4 Ba4 17. Qf3 Bxc2 18. Qc6 Bxd3 19. Rfd1 Rd7 20. Qf3 Ne8 (20... Bf5
21. Rxd7 Nxd7) 21. Rd2 e5 22. Be3 Bf5 23. Rxd7 Bxd7 24. Bc5 Qc8 25. Be7 Bg4 (
25... Bc6) 26. Qe4 Rb8 27. Nd5 Rxb2 28. Qa4 Rc2 29. Bg5 Nf6 30. Ne7+ Kf8 31.
Nxc8 Rxc8 32. Qa3+ (32. Bxf6 Bxf6 33. Qxg4) 32... Kg8 33. Qxa5 Ne4 34. Rb1 Nxg5
35. Qxa7 Be2 36. Qd7 Rf8 37. Qd2 Ne4 38. Qxe2 Nc3 39. Qb2 Nxb1 40. Qxb1 Rd8 41.
f3 Bh6 42. Qb3 Rc8 43. Kf2 Rd8 44. Kg3 Bf4+ 45. Kh3 Rd6 46. Qb8+ Kg7 47. Qxd6
Kh6 48. Qf8+ Kh5 49. a4 f5 50. Qe8 e4 51. fxe4 fxe4 52. Qxe4 g5 53. Qe8+ (53.
Qxh7#) 53... Kh6 54. Kg4 Bxh2 55. Qh5+ Kg7 56. a5 1-0

[Event "Mechanics' Summer TNM; G/2"]
[Site "San Francisco"]
[Date "2016.06.21"]
[Round "5.45"]
[White "Orgilmunkh, Tselmeg"]
[Black "Enkh, Tergelsar"]
[Result "0-1"]
[WhiteElo "514"]
[BlackElo "1205"]
[PlyCount "48"]
[EventDate "2016.??.??"]

1. e4 e5 2. Nf3 Nc6 3. Nc3 Nf6 4. Bc4 Bc5 5. Nxe5 Nxe5 6. d4 Bb4 7. dxe5 Ng8 8.
Be3 d6 9. O-O Bxc3 10. bxc3 Be6 11. Bxe6 fxe6 12. Rb1 b6 13. Qd3 Ne7 14. Qb5+
c6 15. Qe2 O-O 16. exd6 Qxd6 17. Rfd1 Qc7 18. Bd4 c5 19. Rd3 cxd4 20. Rh3 Qe5
21. Qg4 Qf4 22. Qh5 Qxf2+ 23. Kh1 Qf1+ 24. Rxf1 Rxf1# 0-1

[Event "Mechanics' Spring TNM; G/2"]
[Site "San Francisco"]
[Date "2016.04.12"]
[Round "5.54"]
[White "Orgilmunkh, Tselmeg"]
[Black "Greene, Sam"]
[Result "0-1"]
[WhiteElo "285"]
[BlackElo "1019"]
[PlyCount "70"]
[EventDate "2016.??.??"]

1. e4 c5 2. d4 cxd4 3. Nf3 Nc6 4. Nxd4 Nf6 5. Nc3 a6 6. Bc4 e6 7. Bf4 Qa5 8.
O-O Nxd4 9. Qxd4 e5 10. Bxe5 Bc5 11. Qd2 Bxf2+ 12. Rxf2 Qxe5 13. Re1 O-O 14.
Qe2 b5 15. Bd5 Rb8 16. Qf3 b4 17. Qh3 bxc3 18. Qh4 Nxd5 19. Rf3 Qd4+ 20. Kf1
cxb2 21. Rh3 h6 22. Rg3 Qf6+ 23. Qxf6 Nxf6 24. Rb1 Nxe4 25. Re3 Nd2+ 26. Ke1
Nxb1 27. g4 Nc3 28. Rxc3 b1=Q+ 29. Kd2 Re8 30. Re3 Rxe3 31. Kxe3 Bb7 32. h4
Re8+ 33. Kf4 Qf1+ 34. Kg3 Re3+ 35. Kh2 Qf2# 0-1

[Event "Mechanics' Spring TNM; G/2"]
[Site "San Francisco"]
[Date "2016.05.03"]
[Round "8.48"]
[White "Orgilmunkh, Tselmeg"]
[Black "James, Charles"]
[Result "0-1"]
[WhiteElo "258"]
[BlackElo "1370"]
[PlyCount "48"]
[EventDate "2016.??.??"]

1. e4 d5 2. Bb5+ c6 3. Bd3 e5 4. Nf3 Bd6 5. Nc3 d4 6. Na4 b5 7. b3 bxa4 8. bxa4
Nf6 9. Rb1 O-O 10. Bc4 Nxe4 11. Qe2 Nc5 12. Ba3 Nxa4 13. Bb3 Bxa3 14. Bxa4 Bd6
15. O-O Ba6 16. Qe4 Bxf1 17. Rxf1 f5 18. Bb3+ Kh8 19. Qd3 e4 20. Qc4 exf3 21.
Re1 fxg2 22. f3 Qh4 23. Re2 Qxh2+ 24. Kf2 Bg3# 0-1

[Event "Mechanics' Winter TNM; G/2"]
[Site "San Francisco"]
[Date "2016.01.12"]
[Round "2.21"]
[White "Ortega, Bill"]
[Black "Bertot, German"]
[Result "1-0"]
[WhiteElo "2090"]
[BlackElo "1589"]
[PlyCount "37"]
[EventDate "2016.??.??"]

1. e4 e5 2. Nf3 Nc6 3. d4 exd4 4. Bc4 Nf6 5. e5 Qe7 6. O-O Ne4 7. Bd5 Nc5 8.
Bg5 f6 9. exf6 gxf6 10. Bh4 Qg7 11. Nbd2 Be7 12. Re1 Ne6 13. Bg3 Rg8 14. Nh4
Qg5 15. Bb3 f5 16. f4 Qf6 17. Qh5+ Kd8 18. Nxf5 Bc5 19. Bh4 1-0

[Event "Mechanics' Winter TNM; G/2"]
[Site "San Francisco"]
[Date "2016.02.09"]
[Round "6.9"]
[White "Ortega, Bill"]
[Black "Kuczek, Kevin W"]
[Result "1-0"]
[WhiteElo "2090"]
[BlackElo "1741"]
[Annotator "Donaldson"]
[PlyCount "45"]
[EventDate "2016.??.??"]

1. e4 e5 2. Nf3 Nc6 3. c3 d5 4. Bb5 Bg4 5. Qa4 Qd6 6. Bxc6+ bxc6 7. Nxe5 Qxe5
8. Qxc6+ Ke7 9. O-O Rd8 10. d4 Qd6 11. Qa4 dxe4 12. Re1 Nf6 13. Bg5 Qd5 14. Bh4
g5 15. Bg3 Bd7 16. Qc2 Bg7 17. f3 Rhe8 18. fxe4 Qc6 19. d5 Qb7 20. c4 Nh5 21.
Bf2 {Diagram #} Qxb2 $4 (21... Bxb2 $19) 22. Bc5+ Kf6 23. Qxb2+ 1-0

[Event "Mechanics' Winter TNM; G/2"]
[Site "San Francisco"]
[Date "2016.01.26"]
[Round "4.21"]
[White "Ortega, Bill"]
[Black "Standen, Julian"]
[Result "1-0"]
[WhiteElo "2090"]
[BlackElo "1653"]
[PlyCount "42"]
[EventDate "2016.??.??"]

1. e4 d5 2. exd5 Qxd5 3. Nf3 Nf6 4. Be2 c6 5. d4 Bf5 6. c4 Qd6 7. O-O e6 8. Qb3
Qb4 9. Qd1 Be7 10. a3 Qb6 11. Nc3 O-O 12. b4 Nbd7 13. Bf4 h6 14. h3 Rfe8 15.
Bd3 Bxd3 16. Qxd3 Qd8 17. b5 Nc5 18. Qc2 Ncd7 19. bxc6 bxc6 20. a4 a5 21. Rab1
Nb6 1-0

[Event "Mechanics' Fall TNM; G/2"]
[Site "San Francisco"]
[Date "2016.11.15"]
[Round "5.41"]
[White "Otterbach, Renate"]
[Black "Boldi, Nicholas Ar"]
[Result "1-0"]
[WhiteElo "991"]
[BlackElo "1133"]
[PlyCount "73"]
[EventDate "2016.??.??"]

1. Nf3 Nc6 2. e4 e6 3. d3 d5 4. e5 Bc5 5. d4 Bb6 6. Be3 Bd7 7. Bd3 Nge7 8. O-O
a6 9. c3 Rc8 10. b4 Na7 11. a4 c6 12. Nbd2 Ra8 13. c4 Rc8 14. c5 Bc7 15. Ng5 h6
16. Nh3 b5 17. a5 h5 18. Ng5 Nf5 19. Qf3 Qe7 20. Bf4 Nxd4 21. Qe3 Nf5 22. Qh3
f6 23. Ngf3 fxe5 24. Nxe5 Bxe5 25. Bxe5 h4 26. Bxf5 exf5 27. Bd6 Qf7 28. Rae1+
Kd8 29. f4 Ra8 30. Nf3 Kc8 31. Re7 Qf6 32. Rfe1 Rd8 33. Ng5 Qd4+ 34. Qe3 Qxb4
35. Ne6 Rg8 36. Nc7 Qxa5 37. Nxa8 1-0

[Event "Mechanics' Alan Benson TNM; G/2"]
[Site "San Francisco"]
[Date "2016.09.27"]
[Round "9.34"]
[White "Otterbach, Renate"]
[Black "Brown, Nicholas M"]
[Result "0-1"]
[WhiteElo "991"]
[BlackElo "1419"]
[Annotator "Donaldson"]
[PlyCount "72"]
[EventDate "2016.??.??"]

1. d4 Nf6 2. Nf3 g6 3. Bf4 d5 4. h3 Bg7 5. Nc3 O-O 6. e3 a6 7. Bd3 Nbd7 8. h4
c5 9. Qd2 b5 10. a3 Bb7 11. Ne5 cxd4 12. exd4 Nh5 13. Bh6 Re8 14. g4 Nhf6 15.
f3 $2 (15. Bxg7 Kxg7 16. O-O-O (16. Qf4)) 15... Qc7 (15... Nxe5 $1 16. dxe5 d4)
16. O-O-O Nxe5 17. dxe5 Qxe5 18. Bf4 Qe6 19. Rde1 Qd7 20. Na2 d4 21. Rh3 Nd5
22. Be5 f6 23. Bxd4 e5 24. Bf2 Rac8 25. Nb4 Nf4 26. Rg3 a5 27. Bxg6 Qxd2+ 28.
Kxd2 Red8+ 29. Bd3 axb4 30. axb4 Bf8 31. c3 Nxd3 32. g5 Nxe1+ 33. Kxe1 f5 34.
h5 Rc6 35. h6 Rg6 36. Ke2 Be7 0-1

[Event "Mechanics' Fall TNM; G/2"]
[Site "San Francisco"]
[Date "2016.11.29"]
[Round "7.42"]
[White "Otterbach, Renate"]
[Black "Capdeville, Barry"]
[Result "1-0"]
[WhiteElo "991"]
[BlackElo "1224"]
[PlyCount "79"]
[EventDate "2016.??.??"]

1. d4 d5 2. Nf3 e6 3. e3 Nf6 4. Bd3 Be7 5. Nbd2 O-O 6. O-O c5 7. c3 c4 8. Bc2
Bd7 9. e4 dxe4 10. Nxe4 Nxe4 11. Bxe4 Bc6 12. Bc2 Bxf3 13. Qxf3 Qc7 14. Bf4 Qb6
15. b3 Nd7 16. bxc4 Qd8 17. Qxb7 Nb6 18. Qe4 f5 19. Qxe6+ Kh8 20. Bxf5 Rf6 21.
Qe5 Nxc4 22. Qe4 g6 23. Be6 Nd6 24. Bxd6 Qxd6 25. Qxa8+ Kg7 26. Qd5 Rxe6 27.
Qxd6 Rxd6 28. Rab1 Rd7 29. g4 g5 30. f4 gxf4 31. Rxf4 Bg5 32. Rf5 Bd2 33. Rb3
Rc7 34. Rc5 Be3+ 35. Kf1 Rxc5 36. dxc5 Bxc5 37. Ke2 a6 38. Rb7+ Kg6 39. h3 h5
40. Rc7 1-0

[Event "Mechanics' Alan Benson TNM; G/2"]
[Site "San Francisco"]
[Date "2016.08.16"]
[Round "3.35"]
[White "Otterbach, Renate"]
[Black "Donaldson, Kyle Ga"]
[Result "0-1"]
[WhiteElo "991"]
[BlackElo "1453"]
[PlyCount "72"]
[EventDate "2016.??.??"]

1. d4 Nf6 2. c4 e6 3. Nc3 Bb4 4. Bd2 O-O 5. e4 $2 Bxc3 6. Bxc3 Nxe4 7. Bd3 Nxc3
8. bxc3 Nc6 9. Nf3 d6 10. O-O e5 11. d5 Ne7 12. h3 f5 13. Nh2 c6 14. Qh5 Ng6
15. g3 Qf6 16. Rac1 Bd7 17. Bb1 Be8 18. Qe2 Bf7 19. dxc6 bxc6 20. a4 Rae8 21.
Rfe1 d5 22. Ba2 e4 23. cxd5 cxd5 24. Qb5 Rd8 25. Nf1 Ne5 26. Rc2 Nf3+ 27. Kh1
Nxe1 28. Rc1 Nf3 29. Nh2 Nxh2 30. Kxh2 f4 31. g4 f3 32. Kg1 Qf4 33. Rd1 d4 34.
c4 e3 35. fxe3 Qxe3+ 36. Kh2 Qf2+ 0-1

[Event "Mechanics' Alan Benson TNM; G/2"]
[Site "San Francisco"]
[Date "2016.08.30"]
[Round "5.39"]
[White "Otterbach, Renate"]
[Black "Hilliard, Michael"]
[Result "0-1"]
[WhiteElo "991"]
[BlackElo "1400"]
[Annotator "Winslow,Elliott"]
[PlyCount "86"]
[EventDate "2016.??.??"]

1. d4 d5 2. c4 c6 3. Nc3 Nf6 4. Nf3 e6 5. Bg5 Nbd7 6. e4 (6. e3 Be7 {is the Ort
hodox Defense (with an early ...c6, which doesn't really change anything)} (
6... Qa5 {is the inexplicable but still-played Cambridge Springs.})) ({
I personally seem to have an addiction to the Exchange Variation,} 6. cxd5 {
(which has the best statistical results as well)} exd5 7. e3 Be7 {where here e
is committed to his knight on f3. (Sometimes he can play Nge2 and avoid . . .
Bg4 plus have f3-e4 as an option)} (7... Bd6 $5) 8. Qc2 O-O 9. Bd3 {See my thi
rd-round game vs. K.Clemens for the lure for me! Silman even gave it a typical
(for him) treatment: https://www.chess.com/article/view/
a-rare-and-brutal-rook-configuration. No, not typical -- he was complimentary!}
) 6... dxe4 7. Nxe4 Be7 8. Nxf6+ Nxf6 9. Bd3 c5 {
Black's freeing move in the Rubinstein French -- wait, what?} 10. Bc2 cxd4 11.
O-O $1 {Preferred by the computer!} Bc5 {Trying to hold the pawn} 12. Re1 {
Does White realize she just lost a pawn?} (12. Qd2) 12... h6 13. Bf4 O-O 14.
Qd3 b6 15. Be5 Re8 16. Bxf6 {This "uninvited guest" is great when it works,
but it doesn't lead to anything here} Qxf6 17. Qh7+ Kf8 18. Bd3 Bb7 19. Ne5
Rad8 20. Kh1 Qg5 21. Be4 Qxe5 22. Bxb7 Qd6 (22... Qf5 23. Qh8+ Ke7 24. Qxg7 d3)
(22... Qg5 $6 23. Bc6) 23. Qh8+ Ke7 24. Qxg7 Rg8 (24... d3 $1) 25. Qxh6 Rh8 26.
Qg5+ Kd7 27. h3 Rhg8 28. Qf6 Qe7 29. Bc6+ $4 Kd6 $4 30. Qf4+ $4 (30. Qf3 {
when the attack passes over to White again!}) 30... Kxc6 31. Qe4+ Kc7 32. Rad1
Rge8 33. a3 e5 34. Qc2 Qe6 35. b3 Bxa3 $6 36. Qa2 Qd6 37. Re2 $6 (37. Ra1 {
and Black has to give back the piece -- alas for White, with a won game still.}
) 37... Kb7 38. Qb1 (38. Ra1) 38... d3 39. Red2 e4 40. Re1 Bb4 41. Rdd1 Bxe1
42. Rxe1 f5 43. c5 Qxc5 0-1

[Event "Mechanics' Summer TNM; G/2"]
[Site "San Francisco"]
[Date "2016.05.24"]
[Round "1.29"]
[White "Otterbach, Renate"]
[Black "Kim, Isaiah"]
[Result "0-1"]
[WhiteElo "935"]
[BlackElo "1836"]
[PlyCount "80"]
[EventDate "2016.??.??"]

1. d4 d5 2. Nf3 Nf6 3. e3 Bg4 4. Be2 e6 5. Ne5 Bxe2 6. Qxe2 c6 7. O-O Bd6 8. f4
O-O 9. Nd2 c5 10. c3 Nc6 11. Rf3 Re8 12. Rh3 cxd4 13. exd4 Bf8 14. g4 g6 15. g5
Nxe5 16. fxe5 Nh5 17. Nf1 Be7 18. Qg4 b5 19. Ng3 Nxg3 20. hxg3 h5 21. gxh6 Kh7
22. Bd2 a5 23. Rh5 Ra7 24. b3 b4 25. cxb4 Bxb4 26. Bg5 gxh5 27. Qxh5 Qb6 28.
Be3 Rg8 29. Kg2 a4 30. bxa4 Bc3 31. Rf1 Rg6 32. Qd1 Qb2+ 33. Rf2 Qa1 34. Qb3
Bxd4 35. Qd3 Bxe3 36. Qxe3 d4 37. Qb3 Qc3 38. Qb6 Rxg3+ 39. Kf1 Qc1+ 40. Ke2
Re3# 0-1

[Event "Mechanics' Summer TNM; G/2"]
[Site "San Francisco"]
[Date "2016.06.14"]
[Round "4.41"]
[White "Otterbach, Renate"]
[Black "MacIntyre, Brendan"]
[Result "0-1"]
[WhiteElo "935"]
[BlackElo "1554"]
[PlyCount "46"]
[EventDate "2016.??.??"]

1. d4 d5 2. Nf3 Nf6 3. e3 e6 4. Bd3 c5 5. c3 Bd6 6. Ne5 Nbd7 7. f4 O-O 8. Nd2
Be7 9. O-O Qc7 10. Qf3 b6 11. Qh3 Bb7 12. f5 Nxe5 13. dxe5 Ne4 14. f6 Qxe5 15.
fxe7 Rfe8 16. Qh4 f6 17. Nf3 Qd6 18. b3 Qxe7 19. Ba3 Rac8 20. c4 Qd8 21. Rad1
Qc7 22. Nd2 Qe5 23. Rf4 Ng5 {
White is winning but Black later won. Remaining moves unavailable.} 0-1

[Event "Mechanics' Winter TNM; G/2"]
[Site "San Francisco"]
[Date "2016.01.19"]
[Round "3.44"]
[White "Otterbach, Renate"]
[Black "Olson, David R"]
[Result "1-0"]
[WhiteElo "1153"]
[BlackElo "1400"]
[Annotator "Donaldson"]
[PlyCount "49"]
[EventDate "2016.??.??"]

1. d4 d6 2. e4 g6 3. Be3 Bg7 4. Bc4 c5 5. Ne2 Nf6 6. Nbc3 Nbd7 7. e5 $6 (7. f3)
(7. dxc5) 7... Ng4 (7... dxe5 8. dxe5 Nxe5 9. Qxd8+ Kxd8) 8. O-O (8. e6 $5) (8.
Bxf7+ $5 Kxf7 9. e6+ Kxe6 10. Nf4+ Kf7 (10... Kf5 11. Qd3+ Kf6 12. Qc4 Qg8 13.
Ne4+ Kf5 14. Nd5) 11. Qxg4 Bxd4) 8... dxe5 9. dxc5 O-O 10. b4 Kh8 11. Rb1 Qc7
12. Nd5 Qd8 13. Bd2 e6 14. Ne3 f5 $2 15. Bxe6 (15. Nxg4 $1) 15... Ndf6 16. Bb3
Qc7 17. Nxg4 Nxg4 18. f4 Rd8 19. Qe1 e4 20. Bc3 Bd7 (20... Ne3 21. Rf2 Ng4 22.
Rf1 Ne3) 21. Bxg7+ Kxg7 22. Qc3+ Kh6 (22... Nf6 23. g4 fxg4 24. f5 Bxf5 25. Ng3
) 23. h3 Bb5 24. hxg4 Bxe2 25. g5+ 1-0

[Event "Mechanics' Spring TNM; G/2"]
[Site "San Francisco"]
[Date "2016.03.15"]
[Round "1.48"]
[White "Otterbach, Renate"]
[Black "Olson, David R"]
[Result "0-1"]
[WhiteElo "1022"]
[BlackElo "1400"]
[Annotator "Donaldson"]
[PlyCount "30"]
[EventDate "2016.??.??"]

1. d4 d5 2. Nf3 g6 3. Bf4 Nf6 4. e3 Nh5 5. Bg3 Bg7 6. Bh4 O-O 7. Bd3 Nd7 8.
Nbd2 b6 9. e4 Nf4 10. O-O c5 11. exd5 Nxd5 12. Be4 N7f6 13. c4 Nxe4 14. Nxe4
Nf4 15. Qc1 $4 (15. d5 $11) 15... Ne2+ 0-1

[Event "Mechanics' Winter TNM; G/2"]
[Site "San Francisco"]
[Date "2016.02.02"]
[Round "5.46"]
[White "Otterbach, Renate"]
[Black "Paquette, James"]
[Result "0-1"]
[WhiteElo "1153"]
[BlackElo "1676"]
[Annotator "Donaldson"]
[PlyCount "48"]
[EventDate "2016.??.??"]

1. d4 g6 2. e4 Bg7 3. Nf3 c5 4. Be3 Qa5+ 5. Nbd2 Nc6 6. c3 d6 7. Nc4 Qc7 8.
dxc5 dxc5 9. Qd2 Nf6 10. Bf4 Qd7 11. Bd3 O-O 12. Nce5 Nxe5 13. Nxe5 Qe6 14. Bc4
Qb6 15. O-O Nxe4 16. Qd5 (16. Qe2) 16... Nd6 17. Qd2 $4 (17. Bb3) 17... Bxe5
18. Bb3 Bxf4 19. Qxf4 c4 20. Bxc4 Qxb2 21. Rfc1 Nxc4 22. Qxc4 Be6 23. Qb4 Qxb4
24. cxb4 Rac8 0-1

[Event "Mechanics' Alan Benson TNM; G/2"]
[Site "San Francisco"]
[Date "2016.09.13"]
[Round "7.36"]
[White "Otterbach, Renate"]
[Black "Starr, Albert Mart"]
[Result "0-1"]
[WhiteElo "991"]
[BlackElo "1518"]
[PlyCount "82"]
[EventDate "2016.??.??"]

1. d4 f5 2. Bg5 g6 3. c4 Bg7 4. Nc3 Nf6 5. Nf3 d6 6. Bxf6 Bxf6 7. e4 O-O 8. Bd3
e6 9. O-O c5 10. Ne2 Nc6 11. a3 Nxd4 12. Nexd4 Bxd4 13. Qd2 e5 14. exf5 Bxf5
15. Nxd4 exd4 16. Bxf5 Rxf5 17. Rfe1 Qg5 18. Qxg5 Rxg5 19. Re7 b6 20. Rd7 Re5
21. Rxd6 Rae8 22. Kf1 Re2 23. b3 Rb2 24. b4 Ree2 25. Rd8+ Kf7 26. Rd7+ Re7 27.
Rxe7+ Kxe7 28. Re1+ Kf7 29. Re2 Rb3 30. Rd2 Rc3 31. bxc5 bxc5 32. Ke2 Rxc4 33.
Kd3 Ra4 34. g4 Ke6 35. Re2+ Kd5 36. Ra2 c4+ 37. Kd2 Ke4 38. Ke2 d3+ 39. Kd2 Kd4
40. h4 c3+ 41. Kd1 Kc4 0-1

[Event "Mechanics' Spring TNM; G/2"]
[Site "San Francisco"]
[Date "2016.04.26"]
[Round "7.25"]
[White "Oyuntseren, Togtok"]
[Black "Bacus, Ephraim Cub"]
[Result "0-1"]
[WhiteElo "1571"]
[BlackElo "1836"]
[Annotator "Donaldson"]
[PlyCount "54"]
[EventDate "2016.??.??"]

1. e4 e5 2. Nf3 Nc6 3. Bc4 h6 4. d4 exd4 5. Nxd4 Ne5 6. Bb3 Nf6 7. f3 Bc5 8.
Bf4 d6 9. Nc3 Nh5 10. Bxe5 dxe5 11. Nde2 O-O 12. Qxd8 Rxd8 13. g4 Nf4 14. Nxf4
exf4 15. Nd5 Bd6 16. O-O-O Be6 17. Rd3 Rd7 18. Rhd1 Rad8 19. Nc3 Bb4 20. Rxd7
Rxd7 21. Rxd7 Bxd7 22. e5 $4 (22. Kd2 $11) 22... Bxc3 23. bxc3 Bc6 24. e6 fxe6
25. Bxe6+ Kf8 26. h4 Ke7 27. Bf5 Bxf3 0-1

[Event "Mechanics' Spring TNM; G/2"]
[Site "San Francisco"]
[Date "2016.03.29"]
[Round "3.23"]
[White "Oyuntseren, Togtok"]
[Black "Rakonitz, David"]
[Result "1/2-1/2"]
[WhiteElo "1571"]
[BlackElo "1660"]
[PlyCount "88"]
[EventDate "2016.??.??"]

1. d4 Nf6 2. c4 e6 3. a3 b6 4. Nc3 Bb7 5. f3 d5 6. cxd5 Nxd5 7. e4 Nf6 8. Be3
Be7 9. Qc2 O-O 10. O-O-O Nbd7 11. h4 Qc8 12. g4 c5 13. Bb5 a6 14. Bxd7 Nxd7 15.
g5 cxd4 16. Bxd4 Bc5 17. Nge2 e5 18. Bxc5 Nxc5 19. Ng3 g6 20. Nd5 Nb3+ 21. Kb1
Qxc2+ 22. Kxc2 Nd4+ 23. Kb1 Bxd5 24. exd5 Nxf3 25. Ne4 Nd4 26. Nf6+ Kg7 27.
Rhe1 Nf5 28. d6 Rfd8 29. d7 h5 30. Rxe5 Nxh4 31. Re8 Nf3 32. Rg8+ Rxg8 33. Nxg8
Rxg8 34. d8=Q Rxd8 35. Rxd8 Nxg5 36. Kc2 h4 37. Rd4 h3 38. Rh4 Kf6 39. Kd3 Ke5
40. Ke3 f5 41. Kf2 f4 42. b3 Ne4+ 43. Ke2 Ng5 44. Kf2 Ne4+ 1/2-1/2